Austria A-Z - Statistics

General Stats
  • This quiz has been taken 1,191 times
    906 since last reset
  • The average score is 17 of 25
Answer Stats
Clue Answer % Correct
D Longest river Danube
96%
V Capital city Vienna
95%
A Mozart's middle name; was the title of his 1984 biopic Amadeus
93%
R Energy drink that give you wings Red Bull
91%
F Father of psychoanalysis Sigmund Freud
88%
Y Former bordering country Yugoslavia
87%
I Olympic host city Innsbruck
86%
S City of The Sound of Music Salzburg
86%
W Ballroom dance performed in closed position Waltz
82%
M Guillotined wife of Louis XVI Marie Antoinette
81%
H Longest-reigning dynasty Habsburg
80%
Q Branch of physics Erwin Schrödinger studied {Quantum} Mechanics
74%
K German term for the above Kaiser
71%
O Empire H stopped after a series of bloody wars Ottoman Empire
67%
E National flower Edelweiss
62%
T State in which I is located Tyrol
57%
L Scarred F1 driver Niki Lauda
53%
N Political party of the former chancellor Arthur Seyss-Inquart {Nazi} Party
52%
P Largest political party {People}'{s} Party
49%
J Emperor whose reckless foreign policy badly isolated Austria Joseph II
45%
B Name for the Austrian states Bundesland
37%
C Lake that is shared with Germany and Switzerland Constance
34%
G Tallest mountain Grossglockner
34%
U Linz is its capital Upper Austria
34%
Z What "Schönbrunn" was first of Zoo
28%
No matching quizzes found
Score Distribution
Percent of People with Each Score
Percentile by Number Answered
Your Score History
You have not taken this quiz since the last reset